01805nam a2200361   4500003000900000005001700009008004100026017001300067020001500080040004600095041000800141082002800149092000700177099003600184100005700220245007600277264006700353300003000420336002200450337002400472338003300496504010800529546009600637650007200733651001000805856005700815905001600872942001900888999001700907952017300924952017301097952017301270EG-GICUC20260121101452.0251211s2007    ua ||||fr|||| 00| 0 ara d  a20077414  a9770315273  a EG-GICUCbarac EG-GICUCd EG-GICUCerda  aara04221a343.623bن س . م04221  aLaw1 10 343.623 ن س . م 20070 aنسرين عبد الحميد نبيهeمؤلف.12aالمجرم المعنوي /cنسرين عبد الحميد نبيه. 1aالإسكندرية :bمنشأة المعارف،c2007.  a281 صفحة ؛c24 سم.  2rda contentatext  2rda mediaaComputer  2rda carrieraOnline Resource  aيحتوي على ارجاعات ببليوجرافية
يحتوي على قائمة بالمراجع  aالنص أغلبه باللغة العربية مع بعض النصوص الفرنسية14aالإتجاة النفسانيxالقانون الجنائي.1 2qrmak40uhttps://fll.law.cu.edu.eg/fulltext/bks/B10-07176.pdf  a75eHassnaa  2ddcn0cBKe21  c49834d49834  00102ddc40718القانون الجنائيaCUbLAW1d2025-12-11l0oLaw1 10	343.623 ن س . م 2007 1007176 C1pB10-07176r2025-12-11 16:25:00t1w2025-12-11yBK  00102ddc40708القانون الجنائيaCUbLAW1d2025-12-11l0oLaw1 10	343.623 ن س . م 2007 1007177	C2pB10-07177r2025-12-11 16:26:47t2w2025-12-11yBK  00102ddc40708القانون الجنائيaCUbLAW2d2025-12-11l0oLaw2 10	343.623 ن س . م 2007 1007178	C3pB10-07178r2025-12-11 16:27:00t3w2025-12-11yBK